[Event "SRB-ch Semifinal 2021"]
[Site "Paracin"]
[Date "2021.03.17"]
[Round "2.1"]
[White "Sedlak, Nikola"]
[Black "Zegarac, Vuk"]
[Result "1/2-1/2"]
[WhiteElo "2514"]
[BlackElo "2386"]
[Annotator "ChessBase"]
[PlyCount "94"]
[EventDate "2021.03.16"]
[EventType "swiss"]
[EventCountry "SRB"]
[SourceTitle "playchess.com"]
[Source "ChessBase"]
[SourceQuality "1"]
[TimeControl "40/5400+30:1800+30"]

1. Nf3 {[%emt 0:04:36]} d5 {[%emt 0:00:00]} 2. e3 {[%emt 0:00:20]} Nf6 {[%emt 0:00:48]} 3. b3 {[%emt 0:01:18]} g6 {[%emt 0:02:42]} 4. Bb2 {[%emt 0:00:11]} Bg7 {[%emt 0:00:20]} 5. c4 {[%emt 0:00:20]} c6 {[%emt 0:01:45]} 6. Be2 {[%emt 0:00:18]} O-O {[%emt 0:00:51]} 7. O-O {[%emt 0:00:09]} Bg4 {[%emt 0:04:03]} 8. d3 {[%emt 0:03:32]} Bxf3 {[%emt 0:10:07]} 9. Bxf3 {[%emt 0:00:18]} Re8 {[%emt 0:00:19]} 10. d4 {[%emt 0:01:58]} e6 {[%emt 0:03:06]} 11. Nc3 {[%emt 0:04:23]} Nbd7 {[%emt 0:03:18]} 12. Qc2 {[%emt 0:01:10]} a6 {[%emt 0:01:18]} 13. Rfd1 {[%emt 0:09:39]} b5 {[%emt 0:06:11]} 14. Be2 {[%emt 0:09:27]} Bf8 {[%emt 0:04:53]} 15. a4 {[%emt 0:05:13]} b4 {[%emt 0:03:31]} 16. Nb1 {[%emt 0:00:09]} Ne4 {[%emt 0:03:30]} 17. Nd2 {[%emt 0:01:30]} Nxd2 {[%emt 0:06:28]} 18. Qxd2 {[%emt 0:00:16]} f5 {[%emt 0:02:25]} 19. Rac1 {[%emt 0:03:48]} Nf6 {[%emt 0:03:15]} 20. Bd3 {[%emt 0:01:06]} Bd6 {[%emt 0:02:14]} 21. Qe2 {[%emt 0:01:54]} Ne4 {[%emt 0:20:32]} 22. f4 {[%emt 0:08:46]} a5 {[%emt 0:04:38]} 23. Rc2 {[%emt 0:00:57]} Rc8 {[%emt 0:04:18]} 24. Rdc1 {[%emt 0:04:05]} Qd7 {[%emt 0:00:18]} 25. Bxe4 {[%emt 0:00:41]} fxe4 {[%emt 0:04:16]} 26. Rf1 {[%emt 0:02:45]} Bf8 {[%emt 0:01:30]} 27. Bc1 {[%emt 0:03:00]} Bg7 {[%emt 0:00:18]} 28. c5 {[%emt 0:00:18]} Ra8 {[%emt 0:01:18]} 29. Bd2 {[%emt 0:00:41]} Qa7 {[%emt 0:00:13]} 30. Be1 {[%emt 0:00:31]} Qa6 {[%emt 0:00:21]} 31. Qd1 {[%emt 0:00:24]} Rf8 {[%emt 0:00:34]} 32. Bh4 {[%emt 0:00:39]} Bf6 {[%emt 0:01:24]} 33. Bxf6 {[%emt 0:00:58]} Rxf6 {[%emt 0:00:04]} 34. g4 {[%emt 0:00:37]} Raf8 {[%emt 0:01:26]} 35. h4 {[%emt 0:00:14]} R6f7 {[%emt 0:00:49]} 36. Rh2 {[%emt 0:00:24]} h6 {[%emt 0:00:47]} 37. Rff2 {[%emt 0:00:20]} Kh7 {[%emt 0:01:02]} 38. Qd2 {[%emt 0:01:03]} Rg8 {[%emt 0:01:04]} 39. Rfg2 {[%emt 0:00:39]} Rgf8 {[%emt 0:00:19]} 40. Rf2 {[%emt 0:00:00]} Rg8 {[%emt 0:00:00]} 41. Rhg2 {[%emt 0:03:57]} Rgf8 {[%emt 0:03:28]} 42. Qd1 {[%emt 0:03:08]} Kg7 {[%emt 0:01:22]} 43. h5 {[%emt 0:07:40]} g5 {[%emt 0:01:27]} 44. fxg5 {[%emt 0:00:07]} hxg5 {[%emt 0:00:10]} 45. Rxf7+ {[%emt 0:00:19]} Rxf7 {[%emt 0:00:11]} 46. Rf2 {[%emt 0:00:06]} Rxf2 {[%emt 0:00:12]} 47. Kxf2 {[%emt 0:00:10]} Qd3 {[%emt 0:00:10]} 1/2-1/2

[Event "SRB-ch Semifinal 2021"]
[Site "Paracin"]
[Date "2021.03.17"]
[Round "2.2"]
[White "Ratkovic, Miloje"]
[Black "Irizanin, Radoje"]
[Result "1-0"]
[WhiteElo "2497"]
[BlackElo "2343"]
[Annotator "TA"]
[PlyCount "62"]
[EventDate "2021.03.16"]
[EventType "swiss"]
[EventCountry "SRB"]
[SourceTitle "playchess.com"]
[Source "ChessBase"]
[SourceQuality "1"]

{[%evp 13,62,29,28,16,21,32,30,21,43,41,34,22,53,53,54,43,49,47,52,35,43,31,27,10,44,49,39,27,43,13,15,19,19,17,14,9,20,18,110,46,830,846,1318,1104,3311,3264,29992,29993,29995,29996,29999]} 1. d4 d5 2. c4 e6 3. Nf3 c6 4. e3 Nf6 5. Bd3 dxc4 6. Bxc4 Nbd7 7. O-O Bd6 8. b3 {D30: Queen's Gambit Declined: Systems without Nc3.} O-O {has lost popularity (8...e5).} 9. Bb2 c5 10. Nc3 {[#] White has an edge.} Nb6 $146 ({Predecessor:} 10... a6 11. a4 cxd4 12. Qxd4 Bc5 13. Qh4 b6 14. Rfd1 Qe7 15. Bd3 h6 16. Ne4 Bb7 17. Nxc5 Nxc5 {1-0 (72) Ponfilenok,V (2402)-Goryachkina,A (2248) St Petersburg 2011}) 11. Be2 Bd7 12. Ne5 cxd4 13. Qxd4 Qb8 14. Nxd7 Nbxd7 15. Qh4 Ne5 16. f4 Ng6 17. Qh3 a6 18. Rad1 b5 19. Bf3 Ra7 20. Kh1 Rd8 21. g4 Rad7 22. g5 Ne8 23. Bc6 Rc7 24. Bxe8 Rxe8 25. f5 $36 {[%mdl 2048] White has good play.} Nf8 (25... exf5 $1 $11 26. Rxd6 Rxc3 27. Rxg6 (27. Bxc3 Qxd6 28. Qxf5 Qc7 $11) (27. Qxf5 Qb7+ 28. Kg1 Nh4 $11) 27... Rec8) 26. Ne4 (26. Rxd6 $16 {Hoping for fxe6.} Rxc3 27. fxe6 (27. Bxc3 Qxd6 28. Bxg7 exf5 $11) (27. Rxa6 $2 Rc2 $19) 27... Qb7+ 28. Qf3 Qxf3+ 29. Rxf3) 26... Rc6 $2 {[%mdl 8192] [#] This move loses the game for Black.} (26... Qa8 $14 27. Qf3 (27. Rxd6 Qxe4+ 28. Qg2 exf5 $15) 27... Bb4) 27. f6 $18 ({Not} 27. Nxd6 Rxd6 28. Rxd6 Qxd6 $11) 27... Be5 28. fxg7 Bxg7 29. Bxg7 Kxg7 30. Qh6+ Kh8 31. Rxf7 {[%csl Gf7][%cal Rh6g7]} Kg8 {Weighted Error Value: White=0.10/Black=0.52} 1-0

[Event "SRB-ch Semifinal 2021"]
[Site "Paracin"]
[Date "2021.03.17"]
[Round "2.3"]
[White "Arsovic, Zoran"]
[Black "Ratkovic, Milovan"]
[Result "1/2-1/2"]
[WhiteElo "2374"]
[BlackElo "2462"]
[Annotator "TA"]
[PlyCount "74"]
[EventDate "2021.03.16"]
[EventType "swiss"]
[EventCountry "SRB"]
[SourceTitle "playchess.com"]
[Source "ChessBase"]
[SourceQuality "1"]

{[%evp 22,74,33,43,39,-22,31,7,9,12,28,30,49,41,45,29,37,45,43,42,69,51,56,49,25,26,81,81,119,77,83,19,19,26,26,26,26,9,9,0,0,0,12,12,34,9,130,71,68,13,30,20,25,23,22]} 1. Nf3 Nf6 2. g3 g6 3. Bg2 Bg7 4. O-O O-O 5. d4 d6 6. Re1 Nbd7 7. e4 e5 8. a4 exd4 9. Nxd4 a5 10. Nc3 Re8 11. h3 Nc5 12. Bf4 h6 {B07: Pirc Defence: Miscellaneous Systems.} 13. g4 {[#]} (13. Ndb5 $14) 13... Nfd7 $146 ({Better is} 13... h5 $11) ({Predecessor:} 13... h5 14. f3 hxg4 15. hxg4 Nfd7 16. Bg3 Ne5 17. b3 Ned3 18. Ndb5 Nxe1 19. Qxe1 Bd7 20. Rd1 Bxb5 21. Nxb5 {0-1 (40) Schneider,B (2409)-Lauzeningks,J (2277) Germany 2014}) 14. Be3 Ne5 {The position is equal.} 15. b3 Nc6 16. Qd2 Bd7 17. Nxc6 Bxc6 18. Bxh6 Bxh6 19. Qxh6 Qf6 20. Qd2 Ne6 21. Rad1 Nf4 22. Nd5 Bxd5 23. exd5 Re5 (23... Rad8 $11 {remains equal.}) 24. Rxe5 $16 dxe5 25. Re1 Qd6 {[#]} 26. c4 ({White should play} 26. Qc3 $1 $16) 26... b6 $11 27. Qc3 Re8 28. g5 Qd8 29. h4 f6 30. gxf6 Qxf6 31. Qg3 Kg7 32. Qg5 Qf5 33. Re3 e4 (33... Kf7 $11) 34. Bf1 (34. f3 $142) 34... Re5 35. Rg3 (35. f3 $14) 35... Nh5 36. Qxf5 Rxf5 37. Re3 Rf4 {Weighted Error Value: White=0.18/Black=0.25} 1/2-1/2

[Event "SRB-ch Semifinal 2021"]
[Site "Paracin"]
[Date "2021.03.17"]
[Round "2.4"]
[White "Cabarkapa, Novak"]
[Black "Abramovic, Bosko"]
[Result "1-0"]
[WhiteElo "2455"]
[BlackElo "2330"]
[Annotator "TA"]
[PlyCount "149"]
[EventDate "2021.03.16"]
[EventType "swiss"]
[EventCountry "SRB"]
[SourceTitle "playchess.com"]
[Source "ChessBase"]
[SourceQuality "1"]

{[%evp 9,149,21,24,-15,0,0,-11,-10,6,-25,-36,-15,-22,-23,31,-39,0,-22,14,-31,119,0,73,21,0,6,-9,-31,-13,-18,0,0,0,0,52,34,34,26,20,19,100,42,149,91,71,80,139,133,135,106,104,98,103,34,124,0,0,0,12,0,41,0,27,29,36,0,0,0,0,0,0,0,0,0,0,0,0,0,35,9,113,86,86,86,86,73,73,73,93,52,51,0,86,73,73,73,77,73,86,73,69,68,73,49,54,54,72,66,69,69,85,75,85,78,78,78,85,85,102,100,110,110,133,102,120,87,93,93,247,237,491,367,2327,4308,5580,5330,29981,29982,29982,29983,29983,29984]} 1. d4 d5 2. Nc3 Nf6 3. Bf4 Bf5 4. f3 e6 5. g4 Bg6 6. Qd2 {D00: 1 d4 d5: Unusual lines.} a6 7. h4 h6 $1 8. O-O-O {[#] The position is equal.} Nbd7 $146 ({Predecessor:} 8... Bd6 9. Kb1 Bxf4 10. Qxf4 Qd6 11. Qd2 Nc6 12. e3 Nb4 13. Rc1 O-O-O 14. Bd3 Nxd3 15. cxd3 {0-1 (45) Lantos,A (2073)-Mullner,I (2120) Hungary 2015}) 9. h5 Bh7 10. g5 hxg5 11. Bxg5 Be7 (11... c5 $11) 12. Qe1 ({Better is} 12. h6 $14) 12... c6 13. e4 b5 14. Bd3 Nb6 (14... Qa5 $15 {stays ahead.} 15. Bxf6 Nxf6) 15. Bf4 (15. h6 $16 g6 16. Nh3) 15... Rc8 (15... Bg6 $11) 16. e5 (16. h6 $16 gxh6 17. Rxh6) 16... Ng8 $11 17. Qg3 Bf8 18. Bxh7 Rxh7 19. Nh3 Nh6 20. Bxh6 Rxh6 21. Nf2 Kd7 (21... Nc4 $11 22. Ne2 Qa5) 22. f4 Kc7 23. Kb1 Kb7 24. Nd3 Nd7 (24... Nc4 $11 {keeps the balance.}) 25. Ne2 ({White should play} 25. f5 $1 $16) 25... c5 {[#]} (25... f5 $14) 26. Nxc5+ (26. f5 $142 $1) 26... Nxc5 $16 27. dxc5 Rxc5 (27... Bxc5 $142 28. Qxg7 Qh8) 28. f5 Rc7 29. Nf4 Qe8 30. Qf3 Qc6 31. Rh2 (31. c3 $16) 31... Bc5 (31... d4 $1 $14 32. Qxc6+ Kxc6) 32. Qg4 ({White should try} 32. c3 $16) 32... Be3 $11 33. Nd3 exf5 34. Qxg7 d4 35. Rf1 f6 (35... Rxh5 $5 36. Nb4 Qg6 37. Qxg6 fxg6 38. Rxh5 gxh5 39. Rxf5 Rh7 $11) 36. Qf8 fxe5 {Threatens to win with ...e4.} 37. Nxe5 (37. Qxf5 {is more complex.} e4 38. Ne5 Qd5 39. Nf7 Qxf5 40. Rxf5 Rh7 41. Nd6+) 37... Rf6 38. Nxc6 Rxf8 39. Ne5 Rf6 40. a3 Rh7 41. Rh3 f4 {White should prevent ...Rf5.} 42. Ng4 Rff7 43. h6 Kc7 44. c3 d3 (44... dxc3 $11 {remains equal.} 45. Nxe3 fxe3 46. Rxf7+ Rxf7 47. Rxe3 Rf1+ 48. Kc2 cxb2 49. Kxb2 Rh1) 45. Ne5 (45. Nxe3 $2 fxe3 46. Rxf7+ Rxf7 $19) 45... Re7 46. Nxd3 Re6 47. Rfh1 Kd6 48. Kc2 Rg6 49. Rd1 {And now Nxf4+ would win.} Kc7 $1 50. Rdh1 Kd6 $1 51. R1h2 Rf6 52. Ne1 f3 53. Nxf3 {aiming for Nd4.} Rfxh6 54. Rxh6+ Rxh6 $16 {[%mdl 4096] Endgame KRB-KRN} 55. Re2 Bb6 56. Ng5 {Black must now prevent Nf7+.} Kc6 57. Nf7 Rf6 58. Ne5+ Kd6 59. Nd3 Kd7 60. Rg2 Kc8 61. Rg8+ Kb7 62. Rg7+ Kb8 63. Kb3 Bc7 64. a4 bxa4+ 65. Kxa4 Bd6 66. Ka5 Rh6 67. Rd7 Kc8 {[#]} 68. Rf7 $1 Kb8 $2 {This costs Black the game.} (68... Bc7+ $16 69. Ka4 Rh4+ 70. Kb3 Bb6) 69. Kxa6 $18 Rh3 $2 (69... Bf4+ 70. Kb5 Rh5+ 71. Kc4 Bh2) 70. Nb4 {Strongly threatening Nd5.} Bxb4 $2 (70... Rh5 71. Nc6+ Kc8) 71. Rb7+ ({Not} 71. cxb4 Rh6+ 72. Ka5 Re6 $14) 71... Ka8 72. Rxb4 Rxc3 {[#]} 73. Rb8+ $1 {[%mdl 512] White mates.} Kxb8 74. bxc3 Kc7 75. Kb5 {Weighted Error Value: White=0.22/Black=0.27} 1-0

[Event "SRB-ch Semifinal 2021"]
[Site "Paracin"]
[Date "2021.03.17"]
[Round "2.5"]
[White "Drazic, Sinisa"]
[Black "Perunovic, Miodrag"]
[Result "1-0"]
[WhiteElo "2334"]
[BlackElo "2428"]
[Annotator "TA"]
[PlyCount "111"]
[EventDate "2021.03.16"]
[EventType "swiss"]
[EventCountry "SRB"]
[SourceTitle "playchess.com"]
[Source "ChessBase"]
[SourceQuality "1"]

{[%evp 12,111,12,3,8,8,8,18,25,16,25,18,43,11,20,16,21,16,19,20,23,21,22,16,31,28,54,24,26,25,25,29,26,29,29,24,18,27,39,39,39,39,39,39,39,39,39,33,114,32,32,32,33,37,32,29,35,31,20,26,61,31,25,27,42,42,38,12,37,35,109,13,16,0,91,123,167,26,53,32,79,70,116,43,50,54,56,53,40,52,35,58,64,0,1199,1105,29983,29984,29984,29985,29984,29985]} 1. e4 e6 2. d4 d5 3. Nc3 Bb4 4. Nge2 Nf6 5. e5 Nfd7 6. a3 Be7 7. f4 c5 {C15: French: 3 Nc3 Bb4: Unusual White 4th moves.} 8. Be3 Nc6 9. dxc5 Nxc5 {The position is equal.} 10. Nd4 O-O 11. Qd2 Bd7 12. Be2 a6 13. O-O Rc8 {[#]} 14. Rac1 $146 ({Predecessor:} 14. b4 Nxd4 15. Bxd4 Na4 16. Nxa4 Bxa4 17. c3 g6 18. Qe3 Qd7 19. Rf2 {1-0 (63) Ilyin,P (2404)-Gonzalez,B (2311) ICCF email 2018}) 14... Nxd4 15. Bxd4 Na4 16. Nxa4 Bxa4 17. Bd3 Bd7 18. Qe3 Qc7 19. b4 Bb5 20. f5 exf5 21. Bxb5 axb5 22. Rxf5 Qd7 23. Rf3 Qe6 24. Qd3 Rc4 25. Rcf1 Bd8 {...Rxd4! is the strong threat.} 26. Kh1 Be7 27. h3 Qg6 28. Rf5 Qe6 29. c3 Qa6 (29... Qg6 $14) 30. Qf3 (30. e6 $1 $16 Qxe6 31. Re5) 30... Qe6 $14 31. Qg3 Qg6 32. Qf2 Qe6 33. Kg1 Rcc8 34. h4 Ra8 35. h5 h6 36. Qe2 (36. Qg3 $5 {[%cal Rf5f6]} Bg5 37. Qd3 $14) 36... Rxa3 37. Qxb5 {Hoping for Rxf7!} Qc6 38. Qe2 Qe6 39. Qf2 Bg5 40. Qg3 b6 ({Better is} 40... Raa8 $14) 41. Qf2 ({White should try} 41. Qh3 $1 $16) 41... Bd8 $11 42. Qg3 (42. Kh2 $11) 42... Bg5 $16 43. Qh3 $1 Qc6 44. Qf3 (44. b5 $1 $18 {[%cal Rb5c6]} Qd7 45. e6 Qxe6 46. Rxf7 $3 {[%mdl 512]} Qxf7 47. Rxf7 Rxf7 48. Qe6 (48. Bxb6 Ra1+ 49. Kh2 Bf4+ 50. g3 Ra2+ 51. Kh1 Ra1+ 52. Kh2 Ra2+ 53. Kh1 Ra1+ 54. Kh2 $11)) 44... Qe6 $11 45. Kh2 Be7 46. Qg3 {Threatens to win with Rf6!} Bg5 {[#]} 47. R1f3 (47. Rf6 $1 $16 {[%cal Rf6e6][%mdl 512]} gxf6 48. Rxf6) 47... Ra2 48. Rxg5 hxg5 49. Qxg5 Kh7 $1 50. Rg3 {[%csl Gg3][%cal Rg5g7]} Rg8 51. h6 {[%cal Rh6g7]} Qg6 ({Avoid the trap} 51... Qxh6+ $2 52. Rh3 $18) 52. Qf4 $40 {[%mdl 128] White mounts an attack.} ({White should play} 52. Qxg6+ $14 fxg6 53. hxg7) 52... Qe4 $2 {[%mdl 8192]} ({But not} 52... Qxh6+ $2 53. Rh3 $18) (52... Qe6 $11 53. Qg5 Qg6) 53. Qxf7 $18 {[%cal Rg3g7]} Ra7 54. Qxa7 {White mates.} Qh4+ 55. Rh3 Qf4+ 56. Kh1 {Weighted Error Value: White=0.19/Black=0.24} 1-0

[Event "SRB-ch Semifinal 2021"]
[Site "Paracin"]
[Date "2021.03.17"]
[Round "2.6"]
[White "Tadic, Stefan"]
[Black "Martic, Ivan"]
[Result "1/2-1/2"]
[WhiteElo "2419"]
[BlackElo "2321"]
[Annotator "TA"]
[PlyCount "131"]
[EventDate "2021.03.16"]
[EventType "swiss"]
[EventCountry "SRB"]
[SourceTitle "playchess.com"]
[Source "ChessBase"]
[SourceQuality "1"]

{[%evp 10,131,61,45,79,71,96,47,45,47,44,49,40,42,56,40,62,0,0,-4,0,-16,-11,-11,0,-23,-32,-31,-29,-22,-8,-23,-7,-6,12,-12,-18,-33,-21,-19,12,-7,0,0,0,0,29,0,0,0,0,0,76,68,75,76,156,164,336,285,290,82,106,74,71,0,0,0,0,0,0,-122,-137,-135,-138,-138,-138,-138,-127,-135,-119,-127,-139,-184,-189,-225,-214,-200,-200,-617,-200,-331,-404,-389,-341,-333,-333,-320,-326,-240,0,0,0,0,0,0,0,0,0,0,0,0,0,0,56,0,0,0,0,0,0,0,0,-2125]} 1. e4 Nf6 2. e5 Nd5 3. d4 d6 4. Nf3 g6 5. Bc4 c6 6. Nc3 Nb6 {B04: Alekhine's Defence: 4 Nf3.} 7. Bb3 Bg7 {[#]} 8. Ng5 $146 ({Predecessor:} 8. O-O O-O 9. Re1 dxe5 10. Nxe5 N8d7 11. Nf3 Nf6 12. h3 a5 13. a4 Nbd5 14. Bg5 {1-0 (57) Ghaem Maghami,E (2572)-Nasri,A (2304) Zahedan 2012}) 8... d5 {White is slightly better.} 9. f4 O-O 10. O-O a5 {aiming for ...a4.} 11. a4 Na6 {[%cal Bb8a6,Ba6b4,Bb4d5][%mdl 32]} 12. Ne2 Nc4 13. Bxc4 (13. Nf3 $14) 13... dxc4 $11 14. Be3 Nb4 15. Ng3 f6 16. N5e4 Bh6 17. Ra3 Nd5 18. Bc1 f5 19. Nc3 Be6 20. h4 Qd7 21. Nxd5 Qxd5 22. Be3 b5 23. Qe1 b4 24. Ra1 Kh8 25. Kf2 Rad8 26. Rh1 Bc8 27. Nf1 {[%cal Bg3f1,Bf1h2,Bh2f3,Bf3d2][%mdl 32]} Qe4 28. Qc1 (28. Nd2 $5 {[%cal Rd2e4]} Qd5 29. Kg1 $11) 28... Rxd4 29. Bxd4 Qxd4+ 30. Kg3 $1 Rd8 (30... c3 $11 31. Qe3 Qe4 32. bxc3 Qxc2) 31. Nh2 $16 Qb6 {and if ...Rd4 works, Black does fine.} 32. Nf3 Bb7 (32... Be6 $142) 33. Rd1 $1 c5 $2 {[#]} (33... Re8 34. Qd2 c5) 34. Rxd8+ $1 $18 Qxd8 35. Qd1 (35. Qd2 $18 {and White stays clearly on top.} Bd5 36. e6) 35... Bd5 $16 36. Nd2 {Hoping for Nxc4!} e6 {Strongly threatening ...Bxf4+!} 37. Qf1 ({White should try} 37. Qe1 $16) 37... g5 $1 $11 {[%cal Rg5h4]} 38. hxg5 Bxg5 39. Nf3 Bh6 40. Re1 (40. Qc1 $11 {remains equal.}) 40... Qg8+ $17 41. Ng5 Bxg5 42. fxg5 Qxg5+ {[%mdl 4096] Endgame KQR-KQB} 43. Kf2 f4 44. Kg1 f3 45. Qf2 Kg7 46. g3 Kf7 47. Re3 Ke8 48. Kf1 Qf5 49. Qh2 $2 (49. Kg1) 49... b3 $2 (49... c3 50. bxc3 Bc4+ 51. Kg1 b3) 50. cxb3 (50. c3 {is the only way for White.}) 50... cxb3 $19 {( -> ...Bc4+)} 51. Qf2 Qb1+ 52. Re1 {[#]} Qd3+ 53. Kg1 Qc4 54. Rd1 Qc2 $2 (54... Qg4 $19 55. Rc1 c4) 55. Qxc2 $1 $11 bxc2 {KR-KB} 56. Rc1 Be4 57. Kf2 Kd7 58. Ke3 Bg6 59. Kxf3 Kc6 {...Kd5 is the strong threat.} 60. Ke3 Kd5 {Threatens to win with ...Kc4.} 61. Kd2 Bf5 ({Better is} 61... Kxe5 $11 62. Rf1 Bf5) 62. Rf1 (62. g4 $14 Bxg4 63. Rxc2 (63. Kxc2 Kxe5 64. Kd3 Kd5 $11)) 62... Kxe5 {The position is equal.} 63. Rf4 Kd5 64. Rf3 c4 65. b3 Bd3 66. Rf6 $2 {[%mdl 40960] What a fight!  Weighted Error Value: White=0.26/Black=0.25. An unexpected result.} (66. bxc4+ $11 Kxc4 67. Rf7) 1/2-1/2

[Event "SRB-ch Semifinal 2021"]
[Site "Paracin"]
[Date "2021.03.17"]
[Round "2.7"]
[White "Popovic, Milan S"]
[Black "Stankovic, Milos"]
[Result "1/2-1/2"]
[WhiteElo "2327"]
[BlackElo "2414"]
[Annotator "TA"]
[PlyCount "95"]
[EventDate "2021.03.16"]
[EventType "swiss"]
[EventCountry "SRB"]
[SourceTitle "playchess.com"]
[Source "ChessBase"]
[SourceQuality "1"]

{[%evp 11,95,51,43,40,35,24,30,23,19,8,13,13,22,31,67,43,27,-31,-31,-33,-22,-35,-17,-88,-88,-84,-88,-108,-83,-75,-89,-421,-149,-126,-36,-107,-33,-43,-42,-60,-59,-62,-15,-41,-18,-20,-3,-925,0,0,0,-60,-60,-60,0,0,0,0,0,0,0,-199,-75,-100,0,0,0,0,0,0,0,0,0,0,0,0,0,0,0,0,0,0,0,0,0,0]} 1. e4 c5 2. Nf3 d6 3. d4 cxd4 4. Nxd4 Nf6 5. Nc3 Bd7 6. Bg5 e6 7. Ndb5 {B56: Classical Sicilian: Unusual Lines.} Bxb5 {seems to push 7...Bc6 aside.} 8. Bxb5+ Nc6 9. Qe2 {White has an edge.} Be7 10. O-O-O {[#]} O-O $146 ({Predecessor:} 10... Qc7 11. Bxf6 Bxf6 12. Nd5 exd5 13. exd5+ Kf8 14. dxc6 bxc6 15. Ba4 Rb8 16. c3 d5 {½-½ (24) Papp,G (2602)-Fier,A (2562) Bremen 2020}) 11. h4 Qb6 12. Ba4 Rfe8 13. g4 d5 14. e5 (14. exd5 $11 Nxd5 15. Nxd5 exd5 16. Qd2) 14... Nd7 $15 15. Bxe7 Rxe7 16. f4 $1 Nc5 17. Bxc6 (17. Bb3 $11) 17... bxc6 $17 18. Rdf1 Rb8 19. Nd1 Qa5 20. Rh3 Reb7 (20... Qxa2 $6 21. Ra3 $14) 21. f5 $2 {[%mdl 8192] [#]} (21. Ra3 $17 Qd8 22. h5) 21... Ne4 $2 (21... Rxb2 $1 $19 {[%mdl 512] is more deadly. ( -> ...Rb1#)} 22. Nxb2 Qxa2) 22. a3 Qc7 (22... Qa4 $17 23. fxe6 fxe6) 23. Qh2 (23. fxe6 $15 fxe6 24. Qh2) 23... c5 (23... Qd7 $17 24. Qf4 c5) 24. fxe6 fxe6 25. Rhf3 c4 {And now ...c3! would win.} 26. Qf4 {White threatens Qf8+! and mate.} Qe7 27. g5 $1 g6 28. Qg4 Rb6 $40 {[%mdl 128] Black mounts an attack.} 29. Rf7 $2 {[%mdl 8192] [#]} (29. Qf4 $11) 29... Qxf7 $2 ({Black should try} 29... Qxa3 $1 $19 {[%cal Ra3a1][%mdl 512]} 30. Rf8+ Rxf8 31. bxa3 Rxf1) 30. Rxf7 $11 Kxf7 31. Nc3 (31. h5 $1 $11) 31... Nxc3 $15 ({But not} 31... Rxb2 $6 32. Nxe4 dxe4 33. Qxe4 $14) 32. bxc3 {[%mdl 4096] Endgame KQ-KRR} Rb1+ ({Better is} 32... Kg8 $15) 33. Kd2 $11 Rf1 {Strongly threatening ...Rbb1.} 34. Qd4 Rb7 35. Ke2 Rf5 {Threatens to win with ...Kg8.} 36. a4 $2 {[#]} (36. Qc5 $1 $11) 36... Kg7 (36... Kg8 $1 $19 {has better winning chances.} 37. a5 Rbf7) 37. Kd2 $17 Rbf7 ({Black should play} 37... h6 $17 38. Qc5 hxg5 39. hxg5 Rxg5) 38. Qc5 $11 {The position is equal.} Rf2+ ({Don't blunder} 38... Rxe5 $2 39. Qd4 $18) 39. Kc1 Rf1+ 40. Kd2 $1 R1f2+ 41. Kc1 Rf1+ 42. Kd2 $1 Rh1 43. Qd6 Rh2+ 44. Kc1 Rh1+ 45. Kd2 $1 Rh2+ 46. Kc1 Rh1+ 47. Kd2 $1 Rh2+ 48. Kc1 {Weighted Error Value: White=0.41/Black=0.52} 1/2-1/2

[Event "SRB-ch Semifinal 2021"]
[Site "Paracin"]
[Date "2021.03.17"]
[Round "2.8"]
[White "Radovanovic, Nikola"]
[Black "Velickovic, Sasa"]
[Result "1-0"]
[WhiteElo "2391"]
[BlackElo "2288"]
[Annotator "TA"]
[PlyCount "107"]
[EventDate "2021.03.16"]
[EventType "swiss"]
[EventCountry "SRB"]
[SourceTitle "playchess.com"]
[Source "ChessBase"]
[SourceQuality "1"]

{[%evp 14,107,60,40,42,0,8,-8,8,-14,-14,0,56,61,49,61,58,52,68,55,113,111,116,120,108,118,116,126,159,162,154,144,154,153,157,156,154,160,184,189,183,184,183,193,188,188,192,171,195,191,204,200,218,200,235,201,189,181,228,212,261,171,210,195,207,216,202,143,143,98,147,112,87,93,92,91,185,182,225,201,201,158,144,156,279,239,341,229,263,220,262,208,296,296,319,316]} 1. d4 Nf6 2. c4 c5 3. d5 g6 4. Nc3 Bg7 5. e4 d6 6. Bd3 O-O 7. Nge2 e6 8. Bg5 exd5 {E70: King's Indian: Miscellaneous lines with 4 e4, including 5 Nge2 and 5 Bd3 0-0 6 Nge2.} 9. exd5 Nbd7 10. f4 a6 {The position is equal.} 11. a4 {[%cal Ba2a4,Ba4a5][%mdl 32]} h6 12. Bh4 Qb6 (12... g5 $11 13. Bg3 (13. fxg5 Ng4 $11) 13... Nh5) 13. O-O $14 Re8 14. h3 Nf8 {[#]} 15. a5 $146 ({Predecessor:} 15. Qc2 Bd7 16. Kh1 Re3 17. Bf2 Re7 18. b4 Qxb4 19. a5 b5 20. cxb5 c4 21. Bxg6 Rxe2 22. Nxe2 fxg6 {1-0 (34) Labunskiy,D-Zhidkov,V (2315) Vladivostok 1995}) 15... Qc7 16. Qd2 Bd7 (16... N8d7 $14) 17. Bxf6 $16 Bxf6 18. f5 g5 19. Ne4 Rxe4 20. Bxe4 Re8 21. Bd3 Qd8 22. Rae1 Nh7 23. Kh1 Be5 24. Ng1 Nf6 25. g4 b5 26. axb6 $1 Qxb6 27. Nf3 Bf4 28. Qc3 Rxe1 29. Rxe1 Qd8 30. Ra1 Bc8 31. Rg1 Nd7 32. Re1 Nf6 33. Kg2 h5 34. Rh1 Bd7 35. Bc2 Be8 36. Kf1 Nd7 37. Rg1 ({But not} 37. gxh5 f6 $18) 37... Ne5 38. gxh5 {Hoping for Nxg5!} f6 39. Nxe5 Bxe5 40. Qf3 Qa5 41. Ke2 Qa2 42. Qb3 Bxh5+ 43. Kd3 Qa5 44. Bd1 Bf7 (44... Bf4 $16 45. Qc2 (45. Qb8+ Kg7 $11) 45... Be8) 45. h4 $18 Qd8 46. hxg5 fxg5 47. Bg4 Kg7 48. Rh1 Qe7 (48... Qe8 $16 49. Qc2 Qe7) 49. Re1 Qc7 (49... Qf6 $142 50. Kc2 a5) 50. Kc2 Be8 51. Rh1 Kf8 52. Bh5 Qh7 (52... Qd7 $142 53. Bg4 Qe7) 53. Qf3 {[#] aiming for Bxe8.} Qb7 54. b3 {Weighted Error Value: White=0.14/Black=0.23} 1-0